书目信息 |
| 题名: |
中国名茶购买品鉴全攻略
|
|
| 作者: | 陈龙 主编 | |
| 分册: | ||
| 出版信息: | 北京 电子工业出版社 2014.01 |
|
| 页数: | 200页 | |
| 开本: | 23cm | |
| 丛书名: | ||
| 单 册: | ||
| 中图分类: | TS272.5 , F768.2 | |
| 科图分类: | ||
| 主题词: | 茶叶--鉴赏--中国 , 茶叶--购买--中国 , 茶叶 | |
| 电子资源: | ||
| ISBN: | 978-7-121-21639-8 | |
| 000 | 00968nam0 2200277 450 | |
| 001 | 0120131181950 | |
| 005 | 20140609085301.01 | |
| 010 | @a978-7-121-21639-8@dCNY49.90 | |
| 100 | @a20131230d2014 em y0chiy0110 ea | |
| 101 | 0 | @achi |
| 102 | @aCN@b110000 | |
| 105 | @aa z 000yy | |
| 106 | @ar | |
| 200 | 1 | @a中国名茶购买品鉴全攻略@9zhong guo ming cha gou mai pin jian quan gong lue@f陈龙主编 |
| 210 | @a北京@c电子工业出版社@d2014.01 | |
| 215 | @a200页@c图@d23cm | |
| 330 | @a本书主要由以下几个部分组成:介绍茶的大概信息的绪论部分,主要以茶的发展史为纲要;几大茶系的购买和储存方法;泡茶之水的介绍;茶器的认识、使用及保养;各种茶的冲泡及品鉴方法;茶道、茶文化的简单介绍;养生茶饮的推荐。 | |
| 333 | @a茶文化爱好者 | |
| 606 | 0 | @a茶叶@x鉴赏@y中国 |
| 606 | 0 | @a茶叶@x购买@y中国 |
| 606 | 0 | @a茶叶 |
| 690 | @aTS272.5@v5 | |
| 690 | @aF768.2@v5 | |
| 701 | 0 | @a陈龙@9chen long@4主编 |
| 801 | 0 | @aCN@b人天书店@c20131230 |
| 905 | @b548492-94@dTS272.5@e167@f3 | |
| 中国名茶购买品鉴全攻略/陈龙主编.-北京:电子工业出版社,2014.01 |
| 200页:图;23cm |
| 使用对象:茶文化爱好者 |
| ISBN 978-7-121-21639-8:CNY49.90 |
| 本书主要由以下几个部分组成:介绍茶的大概信息的绪论部分,主要以茶的发展史为纲要;几大茶系的购买和储存方法;泡茶之水的介绍;茶器的认识、使用及保养;各种茶的冲泡及品鉴方法;茶道、茶文化的简单介绍;养生茶饮的推荐。 |
| ● |
| 相关链接 |
|
|
|
|
正题名:中国名茶购买品鉴全攻略
索取号:TS272.5/167
 
预约/预借
| 序号 | 登录号 | 条形码 | 馆藏地/架位号 | 状态 | 备注 |
| 1 | 548492 | 205484929 | 第二样本阅览室/ [索取号:TS272.5/167] | 在馆 | |
| 2 | 548493 | 205484938 | 第三借阅区/ [索取号:TS272.5/167] | 在馆 | |
| 3 | 548494 | 205484947 | 第三借阅区/ [索取号:TS272.5/167] | 在馆 |